[Event "18. Open de la Constitución 2016"]
[Site "San Sebastian de los Reyes ES"]
[Date "2016.12.10"]
[Round "8.6"]
[White "Alvarez Abejon, Amilcar"]
[Black "De La Pena Garcia, Blanca"]
[Result "0-1"]
[WhiteElo "1993"]
[BlackElo "1815"]
[PlyCount "132"]
[EventDate "2016.12.03"]
[EventType "swiss"]
[EventRounds "9"]
[EventCountry "ESP"]
[SourceTitle "Ajedrez en Madrid"]
[Source "lmi"]
[SourceDate "2016.12.03"]

1. e4 c5 2. Nc3 Nc6 3. Bb5 Nd4 4. Bc4 g6 5. Nge2 Bg7 6. Nxd4 cxd4 7. Qf3 Nh6 8.
Ne2 O-O 9. d3 e5 10. Qg3 d6 11. O-O Kh8 12. c3 f5 13. Bg5 Qb6 14. Qh4 Ng4 15.
Be7 Bf6 16. Bxf6+ Nxf6 17. cxd4 Qxb2 18. dxe5 dxe5 19. Qh6 Bd7 20. exf5 Ng4 21.
Qh4 gxf5 22. Ng3 Qb6 23. Qe7 Qd8 24. Qc5 Re8 25. h3 Nf6 26. Rfe1 Qe7 27. Qa5 f4
28. Ne4 Nxe4 29. Rxe4 Qg7 30. Rae1 Bxh3 31. g3 fxg3 32. f3 Qd7 33. Rxe5 Qd4+
34. R1e3 Rxe5 35. Qxe5+ Qxe5 36. Rxe5 Rf8 37. Rh5 Bd7 38. Rg5 Bc6 39. Kg2 Bxf3+
40. Kxg3 Bc6 41. d4 h6 42. Rg4 Rf3+ 43. Kh4 Bd7 44. Rg3 Rxg3 45. Kxg3 Kg7 46.
Kh4 b5 47. Bd3 b4 48. Bc4 Be8 49. d5 Kf6 50. Kg4 Ke5 51. Kf3 Kd6 52. Ke4 Bf7
53. Kd4 h5 54. a3 bxa3 55. Kc3 Bxd5 56. Be2 h4 57. Bf1 Ke5 58. Bh3 Kf4 59. Bd7
a5 60. Bc8 a4 61. Bd7 Ke3 62. Kc2 Be4+ 63. Kc3 Ke2 64. Bg4+ Kf2 65. Bd7 Kg3 66.
Be6 h3 0-1

[Event "18. Open de la Constitución 2016"]
[Site "San Sebastian de los Reyes ES"]
[Date "2016.12.10"]
[Round "8.7"]
[White "Perez Ordonez, Jose Ramon"]
[Black "Torres Bosch, Jose F"]
[Result "0-1"]
[WhiteElo "1971"]
[BlackElo "2142"]
[PlyCount "112"]
[EventDate "2016.12.03"]
[EventType "swiss"]
[EventRounds "9"]
[EventCountry "ESP"]
[SourceTitle "Ajedrez en Madrid"]
[Source "lmi"]
[SourceDate "2016.12.03"]

1. Nf3 Nf6 2. c4 g6 3. b4 Bg7 4. Bb2 O-O 5. g3 c6 6. Bg2 Qb6 7. Qb3 d6 8. Nc3
e5 9. O-O Bg4 10. h3 Bf5 11. d4 Nbd7 12. g4 exd4 13. Na4 Qd8 14. gxf5 b5 15.
fxg6 bxa4 16. gxh7+ Nxh7 17. Qxa4 c5 18. b5 Ng5 19. Nxg5 Qxg5 20. Qb3 Rae8 21.
Rae1 Re6 22. f4 Qh4 23. e4 dxe3 24. Bxg7 e2 25. Rf2 Kxg7 26. Qb2+ Nf6 27. Rexe2
Rfe8 28. Rxe6 Rxe6 29. Qc3 Kf8 30. a4 Ne4 31. Bxe4 Rxe4 32. Qd3 Re1+ 33. Kg2
Qh6 34. Kh2 Qe6 35. a5 Re3 36. Qh7 Qxc4 37. b6 axb6 38. axb6 Qb3 39. f5 Ke7 40.
b7 Qxb7 41. f6+ Kd8 42. Rg2 Qd5 43. Qg8+ Kc7 44. Qg4 Qe5+ 45. Kh1 Re1+ 46. Rg1
Rxg1+ 47. Qxg1 Qxf6 48. Qe1 Qe5 49. Qa5+ Kd7 50. Qb5+ Ke7 51. Qb7+ Kf6 52. Qf3+
Ke6 53. Qg4+ f5 54. Qg8+ Kd7 55. Kg1 Qe3+ 56. Kg2 f4 0-1

[Event "18. Open de la Constitución 2016"]
[Site "San Sebastian de los Reyes ES"]
[Date "2016.12.10"]
[Round "8.8"]
[White "Hernandez Ramos, Alberto"]
[Black "Alfaya Marcelo, Roberto"]
[Result "0-1"]
[WhiteElo "1666"]
[BlackElo "2114"]
[PlyCount "88"]
[EventDate "2016.12.03"]
[EventType "swiss"]
[EventRounds "9"]
[EventCountry "ESP"]
[SourceTitle "Ajedrez en Madrid"]
[Source "lmi"]
[SourceDate "2016.12.03"]

1. e4 g6 2. d4 Bg7 3. Bc4 d6 4. c3 Nf6 5. Qc2 O-O 6. Bf4 c6 7. Bb3 Nbd7 8. Nf3
b5 9. O-O c5 10. Qe2 Bb7 11. Nbd2 a6 12. h3 Nh5 13. Bh2 e5 14. dxc5 dxc5 15. c4
Qe7 16. Rfe1 Bc6 17. Nf1 Nf4 18. Qc2 Qf6 19. Qd1 Rad8 20. Bg3 Nb6 21. Qc2 bxc4
22. Bxc4 Nxc4 23. Qxc4 Nxh3+ 24. gxh3 Qxf3 25. Re3 Qf6 26. Qxa6 Rd6 27. Qa5 c4
28. Nh2 Qe6 29. Nf3 f6 30. Qc3 Rfd8 31. Ne1 Rd4 32. Qc2 Bh6 33. Re2 Rd2 34.
Rxd2 Rxd2 35. Qc3 Bxe4 36. Bh2 Bd5 37. Qb4 Qf5 38. Qb8+ Bf8 39. Qb6 Qe4 40. f3
Qh4 41. Qe3 Rxb2 42. Rd1 Qxh3 43. Bxe5 fxe5 44. Qxe5 Bc5+ 0-1

[Event "18. Open de la Constitución 2016"]
[Site "San Sebastian de los Reyes ES"]
[Date "2016.12.10"]
[Round "8.9"]
[White "Hernandez Ramos, David"]
[Black "Gueler Berdasco, Martin"]
[Result "1-0"]
[WhiteElo "1979"]
[BlackElo "1929"]
[PlyCount "53"]
[EventDate "2016.12.03"]
[EventType "swiss"]
[EventRounds "9"]
[EventCountry "ESP"]
[SourceTitle "Ajedrez en Madrid"]
[Source "lmi"]
[SourceDate "2016.12.03"]

1. d4 Nf6 2. c4 g6 3. Nc3 Bg7 4. Nf3 O-O 5. g3 c6 6. Bg2 d5 7. cxd5 cxd5 8. Ne5
e6 9. O-O a6 10. a4 Nbd7 11. Bf4 Nh5 12. Nxd7 Bxd7 13. Bd6 Re8 14. Ba3 Qb6 15.
e3 Nf6 16. Qd2 Bf8 17. a5 Qb3 18. Rfc1 Bb4 19. Bxb4 Qxb4 20. Rc2 Bc6 21. Ne4
Qe7 22. Nc5 Ne4 23. Bxe4 dxe4 24. Rac1 Bd5 25. Qb4 Rab8 26. Qa3 Kf8 27. Nd7+
1-0

[Event "18. Open de la Constitución 2016"]
[Site "San Sebastian de los Reyes ES"]
[Date "2016.12.10"]
[Round "8.10"]
[White "Bombin Pinera, Dionisio"]
[Black "Cabanas Bravo, Juan Andres"]
[Result "0-1"]
[WhiteElo "1956"]
[BlackElo "1971"]
[PlyCount "46"]
[EventDate "2016.12.03"]
[EventType "swiss"]
[EventRounds "9"]
[EventCountry "ESP"]
[SourceTitle "Ajedrez en Madrid"]
[Source "lmi"]
[SourceDate "2016.12.03"]

1. Nf3 Nf6 2. d4 d5 3. c4 c6 4. Qc2 g6 5. e3 Bg7 6. b3 Na6 7. Be2 Bf5 8. Qd1
Nb4 9. Na3 Ne4 10. Bb2 Nc5 11. O-O Ncd3 12. Bc3 e6 13. Qd2 a5 14. Nb1 g5 15. a3
g4 16. axb4 gxf3 17. Bxd3 Bh3 18. e4 Bxg2 19. exd5 Qh4 20. Re1 Bh6 21. Rxe6+
fxe6 22. Qe1 Bh3 23. Kh1 Bf4 0-1

[Event "18. Open de la Constitución 2016"]
[Site "San Sebastian de los Reyes ES"]
[Date "2016.12.10"]
[Round "8.11"]
[White "Bustos Serrano, Doroteo"]
[Black "Ruiz Quevedo, Andres"]
[Result "0-1"]
[WhiteElo "2035"]
[BlackElo "1953"]
[PlyCount "54"]
[EventDate "2016.12.03"]
[EventType "swiss"]
[EventRounds "9"]
[EventCountry "ESP"]
[SourceTitle "Ajedrez en Madrid"]
[Source "lmi"]
[SourceDate "2016.12.03"]

1. e4 c5 2. Nf3 g6 3. c3 Bg7 4. d4 cxd4 5. cxd4 d5 6. e5 Nc6 7. h3 f6 8. Bf4
fxe5 9. dxe5 e6 10. Nc3 Nge7 11. Bb5 O-O 12. Qd2 Qc7 13. Rc1 Bd7 14. O-O Rf7
15. Rfe1 Raf8 16. g3 Qd8 17. Bd3 Nf5 18. Ng5 Nfd4 19. Re3 Rxf4 20. gxf4 Rxf4
21. Rg3 Qxg5 22. Rxg5 Nf3+ 23. Kg2 Nxd2 24. Ne2 Rf8 25. f4 Nb4 26. Rc7 Bc6 27.
Nd4 Nxd3 0-1

[Event "18. Open de la Constitución 2016"]
[Site "San Sebastian de los Reyes ES"]
[Date "2016.12.10"]
[Round "8.12"]
[White "Vazquez Gonzalez, Jesus"]
[Black "Hernandez Recio, Roberto"]
[Result "1-0"]
[WhiteElo "1966"]
[BlackElo "1800"]
[PlyCount "99"]
[EventDate "2016.12.03"]
[EventType "swiss"]
[EventRounds "9"]
[EventCountry "ESP"]
[SourceTitle "Ajedrez en Madrid"]
[Source "lmi"]
[SourceDate "2016.12.03"]

1. e4 g6 2. d4 Bg7 3. Nf3 c5 4. dxc5 Qa5+ 5. c3 Qxc5 6. Na3 b6 7. Be3 Qc6 8.
Nb5 Nf6 9. e5 Ne4 10. Nfd4 Qb7 11. f3 Nc5 12. b4 Ne6 13. f4 Na6 14. Be2 Qb8 15.
O-O Nec7 16. Qb3 O-O 17. Rad1 Bb7 18. Bg4 Bc6 19. c4 Ne6 20. a4 Nac7 21. Nxc6
dxc6 22. Nxc7 Qxc7 23. Bxe6 fxe6 24. c5 Rad8 25. Qxe6+ Kh8 26. cxb6 axb6 27.
Rc1 Rd3 28. Rxc6 Qa7 29. Bxb6 Qxa4 30. Rc8 Rd1 31. Rxf8+ Bxf8 32. Qc4 Rxf1+ 33.
Kxf1 Qd1+ 34. Kf2 Qd2+ 35. Kg3 Kg7 36. Qd4 Qe1+ 37. Kh3 Kh6 38. Bc5 Qb1 39. Qe3
Qf5+ 40. g4 Qb1 41. Qf3 Qe1 42. b5 Qa5 43. f5 Qxb5 44. g5+ Kg7 45. f6+ Kh8 46.
fxe7 Qd7+ 47. Kg3 Bxe7 48. Bxe7 Qxe7 49. Qf6+ Qxf6 50. gxf6 1-0

[Event "18. Open de la Constitución 2016"]
[Site "San Sebastian de los Reyes ES"]
[Date "2016.12.10"]
[Round "8.13"]
[White "Perez Cameselle, Francisco Jose"]
[Black "Anton Quevedo, Andrea"]
[Result "1-0"]
[WhiteElo "1754"]
[BlackElo "1907"]
[PlyCount "81"]
[EventDate "2016.12.03"]
[EventType "swiss"]
[EventRounds "9"]
[EventCountry "ESP"]
[SourceTitle "Ajedrez en Madrid"]
[Source "lmi"]
[SourceDate "2016.12.03"]

1. e4 c5 2. d3 d6 3. g3 Nc6 4. Nf3 Nf6 5. Bg2 e6 6. O-O Be7 7. Nbd2 O-O 8. Qe2
Qc7 9. c3 a5 10. a4 b6 11. Nc4 e5 12. Nh4 Ne8 13. Nf5 Bf6 14. Nfe3 Ne7 15. Bd2
g6 16. f4 Bg7 17. f5 Nf6 18. fxg6 hxg6 19. Rf2 Kh7 20. Raf1 Neg8 21. b3 Rb8 22.
Na3 Be6 23. Nd5 Nxd5 24. exd5 Bc8 25. h4 Qe7 26. Nc4 b5 27. Nxa5 Qd7 28. Nc6
Rb7 29. a5 Nh6 30. h5 Qg4 31. Qxg4 Nxg4 32. hxg6+ Kxg6 33. a6 Rc7 34. a7 Rxa7
35. Nxa7 Nxf2 36. Rxf2 Bg4 37. Nxb5 Rb8 38. Nxd6 Rxb3 39. Be4+ Kh5 40. Rh2+ Bh3
41. Bf3+ 1-0

[Event "18. Open de la Constitución 2016"]
[Site "San Sebastian de los Reyes ES"]
[Date "2016.12.10"]
[Round "8.14"]
[White "Sebastian Enesco, Alex"]
[Black "Camarero Izquierdo, Juan Carlos"]
[Result "1-0"]
[WhiteElo "1864"]
[BlackElo "1760"]
[PlyCount "97"]
[EventDate "2016.12.03"]
[EventType "swiss"]
[EventRounds "9"]
[EventCountry "ESP"]
[SourceTitle "Ajedrez en Madrid"]
[Source "lmi"]
[SourceDate "2016.12.03"]

1. e4 c5 2. Nf3 d6 3. d4 cxd4 4. Nxd4 Nf6 5. Nc3 a6 6. Be3 e6 7. Be2 Be7 8. f4
Nbd7 9. O-O O-O 10. g4 Nc5 11. Bf3 d5 12. e5 Nfe4 13. g5 Nxc3 14. bxc3 Na4 15.
Qe1 Qc7 16. Bd2 Bd7 17. Bg2 Rac8 18. Rf3 Bc5 19. Rh3 Bxd4+ 20. cxd4 Qxc2 21.
Qh4 Qg6 22. Bf1 Bb5 23. Bg2 Bd3 24. Bf3 Rc2 25. Be3 Be2 26. Bg2 Nc3 27. a4 Bd3
28. Bf3 Ne2+ 29. Kh1 Be4 30. f5 Qxf5 31. Rf1 Bxf3+ 32. Rhxf3 Qe4 33. Qxe4 dxe4
34. R3f2 Ra2 35. d5 exd5 36. e6 f6 37. gxf6 gxf6 38. Bh6 Rc2 39. Rxf6 Rxf6 40.
Rxf6 Rc1+ 41. Kg2 Rg1+ 42. Kf2 Rg7 43. e7 e3+ 44. Kxe2 Rg2+ 45. Kxe3 d4+ 46.
Kxd4 Rg4+ 47. Kc5 b6+ 48. Kxb6 Rb4+ 49. Ka7 1-0

[Event "18. Open de la Constitución 2016"]
[Site "San Sebastian de los Reyes ES"]
[Date "2016.12.10"]
[Round "8.15"]
[White "Alonso Garuti, Luis E"]
[Black "Llamas Martinez, Pablo"]
[Result "1-0"]
[WhiteElo "1844"]
[BlackElo "1411"]
[PlyCount "81"]
[EventDate "2016.12.03"]
[EventType "swiss"]
[EventRounds "9"]
[EventCountry "ESP"]
[SourceTitle "Ajedrez en Madrid"]
[Source "lmi"]
[SourceDate "2016.12.03"]

1. e4 d5 2. exd5 Nf6 3. d4 Nxd5 4. Nf3 Bg4 5. Be2 Nc6 6. c4 Nb6 7. d5 Bxf3 8.
gxf3 Ne5 9. Bf4 Nexc4 10. Bxc4 c6 11. Qd3 Nxc4 12. Qxc4 Rc8 13. Nc3 cxd5 14.
Qxd5 Qxd5 15. Nxd5 e6 16. Nc7+ Kd7 17. Nb5 e5 18. Bd2 Rc2 19. Bc3 Bc5 20. O-O
Rc8 21. a4 Rc6 22. Na3 Re2 23. Rae1 Rxe1 24. Bxe1 Bxa3 25. bxa3 Rc1 26. Bb4
Rxf1+ 27. Kxf1 g6 28. Ke2 Ke6 29. Ke3 Kf5 30. Bd6 a6 31. f4 exf4+ 32. Bxf4 h5
33. h3 Ke6 34. Ke4 g5 35. Bb8 f5+ 36. Kd4 h4 37. f3 g4 38. fxg4 fxg4 39. hxg4
b6 40. Bc7 h3 41. Bf4 1-0

[Event "18. Open de la Constitución 2016"]
[Site "San Sebastian de los Reyes ES"]
[Date "2016.12.10"]
[Round "8.16"]
[White "Martin Manzano, Antonio"]
[Black "Reyes Penas, Sebastian"]
[Result "0-1"]
[WhiteElo "1818"]
[BlackElo "1832"]
[PlyCount "66"]
[EventDate "2016.12.03"]
[EventType "swiss"]
[EventRounds "9"]
[EventCountry "ESP"]
[SourceTitle "Ajedrez en Madrid"]
[Source "lmi"]
[SourceDate "2016.12.03"]

1. b3 d5 2. Bb2 Nf6 3. e3 g6 4. f4 Bg7 5. Nf3 O-O 6. Be2 c5 7. O-O Nc6 8. h3
Qc7 9. a3 Ne4 10. Bxg7 Kxg7 11. Qe1 f5 12. d3 Nf6 13. Qc3 b6 14. Nbd2 Ba6 15.
b4 Rac8 16. bxc5 Na5 17. Ng5 Qd7 18. Qe5 Rfe8 19. g4 bxc5 20. Ne6+ Kf7 21. gxf5
gxf5 22. Ng5+ Kg7 23. Rf2 Nc6 24. Ne6+ Kh8 25. Qxf5 Nd8 26. Ng7 Kxg7 27. Rg2+
Kh8 28. Qe5 Nf7 29. Qc3 Qxh3 30. Nf3 Rg8 31. Ng5 Qxe3+ 32. Kh1 Nxg5 33. fxg5
Rxg5 0-1

[Event "18. Open de la Constitución 2016"]
[Site "San Sebastian de los Reyes ES"]
[Date "2016.12.10"]
[Round "8.17"]
[White "Lozano Freras, Sergio"]
[Black "Guzman Castro, Enrique"]
[Result "1/2-1/2"]
[WhiteElo "1904"]
[BlackElo "1742"]
[PlyCount "94"]
[EventDate "2016.12.03"]
[EventType "swiss"]
[EventRounds "9"]
[EventCountry "ESP"]
[SourceTitle "Ajedrez en Madrid"]
[Source "lmi"]
[SourceDate "2016.12.03"]

1. e4 d5 2. exd5 Qxd5 3. Nc3 Qa5 4. d4 Nf6 5. Nf3 Bg4 6. h3 Bxf3 7. Qxf3 Nc6 8.
Bb5 O-O-O 9. Bxc6 bxc6 10. Qxc6 Qb6 11. Qxb6 axb6 12. Be3 e6 13. a3 Nd5 14.
Nxd5 exd5 15. O-O Be7 16. c3 Kb7 17. Rfc1 Bf6 18. Rc2 Rd7 19. Re1 Re8 20. Rec1
b5 21. b3 Ra8 22. Ra1 Rd6 23. Kf1 Rda6 24. Rca2 Be7 25. a4 bxa4 26. Rxa4 Rxa4
27. bxa4 Bd6 28. Ke2 Ka6 29. Rb1 c6 30. Kd3 Ra7 31. c4 Ka5 32. c5 Bc7 33. Bd2+
Ka6 34. Re1 Bd8 35. Re8 Rd7 36. Rh8 h6 37. Rg8 Bf6 38. Bf4 Rd8 39. Rxd8 Bxd8
40. Bd2 Ba5 41. Bc3 Bc7 42. Ke3 f5 43. Kd3 Ba5 44. Kc2 Bc7 45. Bd2 Bb8 46. f3
f4 47. Kb3 Bc7 1/2-1/2

[Event "18. Open de la Constitución 2016"]
[Site "San Sebastian de los Reyes ES"]
[Date "2016.12.10"]
[Round "8.18"]
[White "Gil Fernandez, Daniel"]
[Black "Gonzalez Berrendero, Carlos"]
[Result "0-1"]
[WhiteElo "1777"]
[BlackElo "1834"]
[PlyCount "36"]
[EventDate "2016.12.03"]
[EventType "swiss"]
[EventRounds "9"]
[EventCountry "ESP"]
[SourceTitle "Ajedrez en Madrid"]
[Source "lmi"]
[SourceDate "2016.12.03"]

1. d4 d5 2. Nf3 Nf6 3. Bf4 Nc6 4. c3 Bf5 5. e3 e6 6. Bd3 Bg6 7. Ne5 Nxe5 8.
Bxe5 Ne4 9. f3 Nd6 10. Bxg6 hxg6 11. Nd2 Nf5 12. Kf2 Bd6 13. Bxd6 Qxd6 14. Qa4+
c6 15. f4 g5 16. g3 gxf4 17. exf4 g5 18. fxg5 Rxh2+ 0-1

[Event "18. Open de la Constitución 2016"]
[Site "San Sebastian de los Reyes ES"]
[Date "2016.12.10"]
[Round "8.19"]
[White "Del Campo Lobo, Joaquin"]
[Black "Alvarez Gonzalez, Eduardo"]
[Result "1/2-1/2"]
[WhiteElo "1680"]
[BlackElo "1816"]
[PlyCount "90"]
[EventDate "2016.12.03"]
[EventType "swiss"]
[EventRounds "9"]
[EventCountry "ESP"]
[SourceTitle "Ajedrez en Madrid"]
[Source "lmi"]
[SourceDate "2016.12.03"]

1. d4 Nf6 2. c4 e6 3. Nf3 b6 4. g3 Bb7 5. Bg2 Be7 6. Nc3 Ne4 7. Qc2 Nxc3 8.
Qxc3 d6 9. O-O Nd7 10. Rd1 O-O 11. b3 Bf6 12. Qc2 g6 13. Bb2 Qe7 14. Nd2 Bxg2
15. Kxg2 e5 16. d5 a5 17. e4 Bg7 18. Rf1 Rae8 19. Rae1 Bh6 20. Nb1 f5 21. f3
Rf7 22. Nc3 Ref8 23. Qe2 Nc5 24. Ba3 Nd7 25. Nb5 Qd8 26. Qd3 Nb8 27. Qe2 Na6
28. Qc2 Qf6 29. Nc3 Qd8 30. Nb5 Qd7 31. Qe2 Bg5 32. Qd3 fxe4 33. fxe4 Bd8 34.
Rxf7 Rxf7 35. Rf1 Nb8 36. Rxf7 Qxf7 37. Qf3 Qxf3+ 38. Kxf3 Nd7 39. Na7 Kf7 40.
Nc6 Be7 41. b4 axb4 42. Bxb4 Nf6 43. a4 Ne8 44. a5 bxa5 45. Bxa5 Bf6 1/2-1/2

[Event "18. Open de la Constitución 2016"]
[Site "San Sebastian de los Reyes ES"]
[Date "2016.12.10"]
[Round "8.20"]
[White "De Dompablo Fantova, Juan"]
[Black "Ortega Morales, Pedro"]
[Result "1-0"]
[WhiteElo "1651"]
[BlackElo "1809"]
[PlyCount "70"]
[EventDate "2016.12.03"]
[EventType "swiss"]
[EventRounds "9"]
[EventCountry "ESP"]
[SourceTitle "Ajedrez en Madrid"]
[Source "lmi"]
[SourceDate "2016.12.03"]

1. e4 e5 2. Nf3 Nc6 3. Bc4 Bc5 4. c3 d6 5. h3 Nf6 6. d3 h6 7. O-O a6 8. b4 b5
9. Bxf7+ Kxf7 10. bxc5 dxc5 11. Re1 Re8 12. Qc2 Bb7 13. Be3 Qe7 14. Nbd2 Rad8
15. Nb3 Nd7 16. d4 exd4 17. Bf4 d3 18. Qxd3 Nde5 19. Qe3 Nd3 20. Red1 c4 21.
Nbd2 Rd7 22. Rab1 Ba8 23. a4 Rb8 24. axb5 axb5 25. Nd4 Nxd4 26. cxd4 Qf6 27. e5
Qe6 28. Ne4 Bxe4 29. Qxe4 c6 30. Ra1 Rbd8 31. Be3 Kg8 32. Ra6 Rd5 33. Ra7 Nc5
34. Qf3 Nb3 35. Qg3 Rxe5 1-0

[Event "18. Open de la Constitución 2016"]
[Site "San Sebastian de los Reyes ES"]
[Date "2016.12.10"]
[Round "8.22"]
[White "Calvo de Castro, Miguel"]
[Black "Stefanescu, Iulian"]
[Result "1-0"]
[WhiteElo "1787"]
[BlackElo "1699"]
[PlyCount "97"]
[EventDate "2016.12.03"]
[EventType "swiss"]
[EventRounds "9"]
[EventCountry "ESP"]
[SourceTitle "Ajedrez en Madrid"]
[Source "lmi"]
[SourceDate "2016.12.03"]

1. d4 Nf6 2. c4 d5 3. e3 e6 4. Nf3 b6 5. Nbd2 Bb7 6. b3 Nbd7 7. Bb2 Bb4 8. Bd3
h6 9. O-O Bd6 10. Rc1 a5 11. Qe2 O-O 12. Bb1 a4 13. Ne5 Nh7 14. Nxd7 Qxd7 15.
e4 axb3 16. axb3 Bb4 17. e5 f5 18. exf6 Rxf6 19. c5 Ba6 20. Bd3 Bxd3 21. Qxd3
Bxd2 22. Qxd2 Qb5 23. b4 Raf8 24. Qe3 Qxb4 25. Ba3 Qa4 26. cxb6 Ra8 27. bxc7
Qd7 28. Bd6 Ng5 29. Be7 Rf7 30. Bxg5 hxg5 31. Qxg5 Rc8 32. Qe5 Re7 33. Rc5 Rxc7
34. Rfc1 Rxc5 35. Rxc5 Qb7 36. g3 Qd7 37. Kg2 Rf7 38. g4 Qe8 39. f4 Re7 40. f5
exf5 41. Qxd5+ Kh8 42. Qxf5 Re2+ 43. Kg3 Qe3+ 44. Qf3 Qg1+ 45. Kh4 Qxh2+ 46.
Qh3 Qf4 47. Rh5+ Kg8 48. Qb3+ Qf7 49. Rh8+ 1-0

[Event "18. Open de la Constitución 2016"]
[Site "San Sebastian de los Reyes ES"]
[Date "2016.12.10"]
[Round "8.23"]
[White "Tarrio Ocana, Jose Manuel"]
[Black "Rottenwoerer, Christoph"]
[Result "1/2-1/2"]
[WhiteElo "1835"]
[BlackElo "1668"]
[PlyCount "105"]
[EventDate "2016.12.03"]
[EventType "swiss"]
[EventRounds "9"]
[EventCountry "ESP"]
[SourceTitle "Ajedrez en Madrid"]
[Source "lmi"]
[SourceDate "2016.12.03"]

1. e4 c5 2. Nc3 g6 3. Bc4 Nc6 4. f4 e6 5. Nf3 Bg7 6. O-O Nge7 7. d3 O-O 8. a3
d5 9. Ba2 Rb8 10. Qe1 Nd4 11. Nxd4 Bxd4+ 12. Kh1 b5 13. f5 f6 14. fxg6 hxg6 15.
Qg3 Rb7 16. Bh6 Be5 17. Bf4 Bxf4 18. Qxf4 c4 19. Rf3 Kg7 20. Raf1 e5 21. Qh4
Rb6 22. Qg3 Qd6 23. Rd1 Qe6 24. dxc4 dxc4 25. Rfd3 Qg4 26. Rd6 Qxg3 27. hxg3
Rxd6 28. Rxd6 a6 29. a4 b4 30. Nd5 Nxd5 31. exd5 c3 32. bxc3 bxc3 33. Rc6 e4
34. Rxc3 f5 35. Re3 Kf6 36. Kg1 Ke5 37. Kf2 g5 38. Re1 f4 39. gxf4+ gxf4 40. c4
Bg4 41. c5 Rb8 42. Kg1 Rb2 43. Bc4 Kd4 44. Bxa6 f3 45. gxf3 exf3 46. Rf1 Rg2+
47. Kh1 Kxc5 48. Bb7 Rb2 49. Bc6 Ra2 50. Kg1 Rg2+ 51. Kh1 Ra2 52. Kg1 Rg2+ 53.
Kh1 1/2-1/2

[Event "18. Open de la Constitución 2016"]
[Site "San Sebastian de los Reyes ES"]
[Date "2016.12.10"]
[Round "8.24"]
[White "Vazquez Rodriguez, Francisco"]
[Black "Marcos Herrero, Francisco"]
[Result "0-1"]
[WhiteElo "1529"]
[BlackElo "1996"]
[PlyCount "62"]
[EventDate "2016.12.03"]
[EventType "swiss"]
[EventRounds "9"]
[EventCountry "ESP"]
[SourceTitle "Ajedrez en Madrid"]
[Source "lmi"]
[SourceDate "2016.12.03"]

1. e4 c5 2. Nc3 g6 3. f4 Bg7 4. Nf3 Nc6 5. Bb5 Nd4 6. Bc4 e6 7. O-O Ne7 8. d3
d5 9. Bb5+ Nxb5 10. Nxb5 a6 11. Nc3 O-O 12. Be3 d4 13. Bd2 dxc3 14. bxc3 b5 15.
Rb1 Bb7 16. c4 b4 17. a3 a5 18. Qe2 Qc7 19. g3 Rfd8 20. Be3 bxa3 21. Rb3 a2 22.
c3 a4 23. Ra3 Qa5 24. Rxa2 Bxc3 25. Rb1 Bc6 26. Rd1 a3 27. Bd2 Rdb8 28. Bxc3
Qxc3 29. Rdd2 Rb1+ 30. Kg2 Ba4 31. Rxa3 Qxa3 0-1

[Event "18. Open de la Constitución 2016"]
[Site "San Sebastian de los Reyes ES"]
[Date "2016.12.10"]
[Round "8.25"]
[White "Rodriguez Bernal, Herman"]
[Black "Gonzalez Morente, Jose A"]
[Result "0-1"]
[WhiteElo "1816"]
[BlackElo "1368"]
[PlyCount "108"]
[EventDate "2016.12.03"]
[EventType "swiss"]
[EventRounds "9"]
[EventCountry "ESP"]
[SourceTitle "Ajedrez en Madrid"]
[Source "lmi"]
[SourceDate "2016.12.03"]

1. d4 d5 2. c4 e5 3. cxd5 Qxd5 4. Nc3 Bb4 5. Qa4+ Nc6 6. Qxb4 Nxb4 7. Nxd5 Nxd5
8. e4 Nb4 9. Bb5+ c6 10. Ba4 exd4 11. Ke2 Be6 12. a3 Na6 13. b4 Nf6 14. f3 O-O
15. Nh3 Rfd8 16. Bc2 Bc4+ 17. Bd3 b5 18. Nf2 c5 19. Bd2 Nd7 20. Rhc1 Bxd3+ 21.
Nxd3 c4 22. Nf4 Nc7 23. h4 Ne5 24. g4 Rac8 25. a4 a6 26. axb5 axb5 27. Ra5 c3
28. Bxc3 dxc3 29. Rxc3 Nc4 30. Ra2 h6 31. g5 Rd6 32. Rd3 Rcd8 33. Rxd6 Rxd6 34.
Nd3 Ra6 35. Rxa6 Nxa6 36. f4 Nc7 37. Kf3 Kf8 38. e5 Nb6 39. Ke4 Nbd5 40. f5 h5
41. Kd4 Ke7 42. Ke4 Kd7 43. Nc5+ Kc6 44. Nd3 Na6 45. Kd4 Naxb4 46. Nxb4+ Nxb4
47. g6 fxg6 48. f6 gxf6 49. exf6 Kd7 50. Ke5 Ke8 51. Ke6 Kf8 52. f7 Nd3 53. Kf6
b4 54. Kxg6 b3 0-1

[Event "18. Open de la Constitución 2016"]
[Site "San Sebastian de los Reyes ES"]
[Date "2016.12.10"]
[Round "8.26"]
[White "Medina Balenciaga, Patricio"]
[Black "Morata Palacios, Francisco"]
[Result "0-1"]
[WhiteElo "1416"]
[BlackElo "1757"]
[PlyCount "50"]
[EventDate "2016.12.03"]
[EventType "swiss"]
[EventRounds "9"]
[EventCountry "ESP"]
[SourceTitle "Ajedrez en Madrid"]
[Source "lmi"]
[SourceDate "2016.12.03"]

1. e4 e6 2. Nf3 d5 3. exd5 exd5 4. d4 Bd6 5. c4 Nf6 6. Bg5 Be6 7. c5 Be7 8. Ne5
c6 9. f3 Nbd7 10. Nxd7 Bxd7 11. Bd3 O-O 12. O-O b6 13. b4 a5 14. Bd2 axb4 15.
Bxb4 Qb8 16. a3 Nh5 17. Qc2 g6 18. Bd2 Bf6 19. Be3 Re8 20. Qf2 bxc5 21. Ra2
Rxe3 22. Qd2 Bxd4 23. Kh1 Nf4 24. Bc2 Re2 25. Qd1 Rxg2 0-1

[Event "18. Open de la Constitución 2016"]
[Site "San Sebastian de los Reyes ES"]
[Date "2016.12.10"]
[Round "8.27"]
[White "Doval Mancheno, Pablo"]
[Black "Braziunaite, Rasa"]
[Result "0-1"]
[WhiteElo "1629"]
[BlackElo "1507"]
[PlyCount "92"]
[EventDate "2016.12.03"]
[EventType "swiss"]
[EventRounds "9"]
[EventCountry "ESP"]
[SourceTitle "Ajedrez en Madrid"]
[Source "lmi"]
[SourceDate "2016.12.03"]

1. e4 b6 2. d4 Bb7 3. Nc3 e6 4. Be3 Bb4 5. f3 Bxc3+ 6. bxc3 Ne7 7. Bd3 O-O 8.
Ne2 d6 9. O-O c5 10. Rb1 Qc7 11. c4 Nd7 12. c3 Ng6 13. Ng3 e5 14. d5 Nf4 15.
Bc2 Nf6 16. Qd2 N6h5 17. Nxh5 Nxh5 18. g4 Nf6 19. Bg5 Ne8 20. f4 f6 21. Bh4
exf4 22. g5 fxg5 23. Bxg5 Qd7 24. Rxf4 Rxf4 25. Qxf4 h6 26. Bh4 g5 27. Bxg5
hxg5 28. Qg3 Bc8 29. Bd1 Qg7 30. a4 Nf6 31. Bc2 Bd7 32. a5 Re8 33. axb6 axb6
34. Qxd6 Nxe4 35. Bxe4 Rxe4 36. Rxb6 g4 37. Rb7 Re7 38. Qxc5 Qg5 39. Qd4 Qc1+
40. Kg2 Re2+ 41. Kg3 Qe1+ 42. Kf4 Qf1+ 43. Kg5 Qf5+ 44. Kh4 Rxh2+ 45. Kg3 Rh3+
46. Kg2 Qf3+ 0-1